[Event "COL-ch sf2 U16"]
[Site "Bocagrande"]
[Date "2019.05.11"]
[Round "5.12"]
[White "Moscote Santana, Anyelis"]
[Black "Mercado Maestre, Maria Angel"]
[Result "0-1"]
[WhiteElo "1178"]
[BlackElo "1497"]
[PlyCount "88"]
[EventDate "2019.05.09"]
[EventType "swiss"]
[EventRounds "6"]
[EventCountry "COL"]
[SourceTitle "EXT 2024"]
[Source "ChessBase"]
[SourceDate "2023.10.10"]
[SourceVersion "1"]
[SourceVersionDate "2023.10.10"]
[SourceQuality "1"]

1. e4 e5 2. Nf3 Nc6 3. Nc3 Nf6 4. Bc4 Bc5 5. 0-0 d6 6. Ng5 0-0 7. d3 h6 8. Nf3 Be6 9. Nd5 Bxd5 10. exd5 Ne7 11. Re1 Nexd5 12. Bxd5 Nxd5 13. c4 Nf6 14. Be3 Bxe3 15. Rxe3 Re8 16. Qb3 Rb8 17. Rae1 Qd7 18. Qc3 Qa4 19. a3 Nd7 20. d4 f6 21. b3 Qa6 22. b4 Nb6 23. b5 Qa4 24. Qb4 Qxb4 25. axb4 Nxc4 26. Rc3 d5 27. dxe5 fxe5 28. Nh4 e4 29. Rg3 Kh7 30. Nf5 g6 31. Ne3 Nxe3 32. fxe3 a6 33. bxa6 bxa6 34. Rb1 c5 35. Rd1 cxb4 36. Rxd5 b3 37. Rd7+ Kh8 38. Rxg6 Re6 39. Rxe6 b2 40. Rxh6+ Kg8 41. Rd8+ Rxd8 42. Rb6 Rd1+ 43. Kf2 b1Q 44. Rxb1 Rxb1 0-1

[Event "COL-ch sf2 U16"]
[Site "Bocagrande"]
[Date "2019.05.09"]
[Round "1.5"]
[White "Brito Carrascal, Camilo Andres"]
[Black "Moscote Santana, Anyelis"]
[Result "1-0"]
[WhiteElo "1616"]
[BlackElo "1178"]
[PlyCount "115"]
[EventDate "2019.05.09"]
[EventType "swiss"]
[EventRounds "6"]
[EventCountry "COL"]
[SourceTitle "EXT 2024"]
[Source "ChessBase"]
[SourceDate "2023.10.10"]
[SourceVersion "1"]
[SourceVersionDate "2023.10.10"]
[SourceQuality "1"]

1. e4 e5 2. Nf3 Nc6 3. d4 Bd6 4. d5 Nce7 5. c4 Nf6 6. Nc3 0-0 7. Bd3 c6 8. 0-0 Bc5 9. Nxe5 Qc7 10. Nf3 d6 11. Bg5 Nh5 12. Qc2 Ng6 13. g3 Bg4 14. Be2 Qd7 15. Ne1 Rae8 16. Nd3 Bd4 17. Rfe1 f5 18. Bxg4 fxg4 19. dxc6 bxc6 20. Rad1 Ne5 21. Nxe5 Bxe5 22. c5 Qe6 23. cxd6 Bxd6 24. Qd3 Be5 25. Qd7 h6 26. Be3 Bxc3 27. Qxe6+ Rxe6 28. bxc3 Rxe4 29. Bxa7 Ra4 30. Bc5 Rf5 31. Be3 Rxa2 32. Rd6 Rf6 33. Rd4 Re6 34. Rxg4 Nf6 35. Rc4 Nd5 36. Kf1 Rc2 37. Bd4 Rd6 38. Re8+ Kf7 39. Rc8 Rc1+ 40. Kg2 Rg6 41. R4xc6 Nf4+ 42. Kf3 Nd5 43. Rxg6 Kxg6 44. c4 Ne7 45. Rc7 Nf5 46. Be3 Rc3 47. c5 Kf6 48. g4 Nd4+ 49. Kg2 Rc4 50. h3 Ne6 51. Rc8 Kf7 52. c6 g5 53. Kf3 Kf6 54. Ke2 Nd4+ 55. Bxd4+ Rxd4 56. c7 Rc4 57. Rf8+ Ke7 58. c8Q 1-0

[Event "COL-ch sf1 U18"]
[Site "Cartagena"]
[Date "2018.03.03"]
[Round "4.9"]
[White "Lopez Diaz, Valentina"]
[Black "Moscote Santana, Anyelis"]
[Result "1/2-1/2"]
[WhiteElo "1437"]
[BlackElo "1382"]
[PlyCount "82"]
[EventDate "2018.03.01"]
[EventType "swiss"]
[EventRounds "6"]
[EventCountry "COL"]
[SourceTitle "EXT 2024"]
[Source "ChessBase"]
[SourceDate "2023.10.10"]
[SourceVersion "1"]
[SourceVersionDate "2023.10.10"]
[SourceQuality "1"]

1. d4 e6 2. Nf3 d5 3. Bf4 Nc6 4. Nbd2 g6 5. c4 Bg7 6. Qc2 Nge7 7. e3 Bd7 8. Bd3 a6 9. 0-0 Nb4 10. Qb3 Nxd3 11. Qxd3 dxc4 12. Qxc4 Bb5 13. Qxc7 Qxc7 14. Bxc7 Bxf1 15. Kxf1 Rc8 16. Ba5 0-0 17. Bb4 Bf6 18. Ne4 Kg7 19. Nxf6 Kxf6 20. e4 Rfe8 21. e5+ Kg7 22. Bc5 Nf5 23. Rb1 Red8 24. b4 b5 25. Ra1 Rc6 26. g3 h5 27. a4 bxa4 28. Rxa4 Kh6 29. Ra5 g5 30. b5 axb5 31. Rxb5 g4 32. Nh4 Nxd4 33. Ra5 Nb3 34. Ra7 Kg7 35. Be7 Rc1+ 36. Kg2 Rg8 37. Bf6+ Kh7 38. Rxf7+ Kh6 39. Be7 Rcc8 40. Rf6+ Kh7 41. Ba3 Nc5 1/2-1/2

[Event "COL-ch sf1 U18"]
[Site "Cartagena"]
[Date "2018.03.02"]
[Round "2.9"]
[White "Blanco Noguera, Yoryeth"]
[Black "Moscote Santana, Anyelis"]
[Result "1/2-1/2"]
[WhiteElo "1517"]
[BlackElo "1382"]
[PlyCount "67"]
[EventDate "2018.03.01"]
[EventType "swiss"]
[EventRounds "6"]
[EventCountry "COL"]
[SourceTitle "EXT 2024"]
[Source "ChessBase"]
[SourceDate "2023.10.10"]
[SourceVersion "1"]
[SourceVersionDate "2023.10.10"]
[SourceQuality "1"]

1. d4 e6 2. e4 d5 3. Nc3 b6 4. Nf3 Bb7 5. Bd3 Bb4 6. Nd2 Nc6 7. a3 dxe4 8. Bxe4 Bxc3 9. bxc3 Nf6 10. 0-0 Nxe4 11. Nxe4 e5 12. Re1 0-0 13. Be3 Qd5 14. Qg4 Qe6 15. f3 Qxg4 16. fxg4 exd4 17. cxd4 Rfe8 18. Bf2 Nxd4 19. Bxd4 Rxe4 20. Rxe4 Bxe4 21. c3 Rd8 22. Re1 Bg6 23. Bf2 h6 24. h3 Rd3 25. Rc1 c5 26. a4 Kf8 27. a5 Ke7 28. axb6 axb6 29. Bh4+ Ke6 30. c4 f6 31. Kh2 Kd6 32. Bf2 Rd2 33. Kg1 Rc2 34. Re1 1/2-1/2

[Event "COL-ch sf2 U16 Girls"]
[Site "Cartagena"]
[Date "2016.04.29"]
[Round "3.5"]
[White "Moscote Santana, Anyelis"]
[Black "Castro, Dayana"]
[Result "0-1"]
[WhiteElo "1470"]
[BlackElo "1541"]
[PlyCount "36"]
[EventDate "2016.04.28"]
[EventType "swiss"]
[EventRounds "6"]
[EventCountry "COL"]
[SourceTitle "EXT 2024"]
[Source "ChessBase"]
[SourceDate "2023.10.10"]
[SourceVersion "1"]
[SourceVersionDate "2023.10.10"]
[SourceQuality "1"]

1. Nf3 Nc6 2. Nc3 e5 3. e4 Bc5 4. Bb5 a6 5. Bxc6 dxc6 6. Nxe5 Qd4 7. Nd3 Bb6 8. b3 Nf6 9. Bb2 0-0 10. Na4 Qxe4+ 11. Qe2 Qxg2 12. Rf1 Re8 13. Qxe8+ Nxe8 14. f3 Qxh2 15. f4 Qg3+ 16. Ke2 Bg4+ 17. Rf3 Bxf3+ 18. Kf1 Qg1# 0-1